Η Σύγχρονη Επιχείρηση στο Ξεκίνημα του 21ου Αιώνα (Record no. 1948)
[ view plain ]
| 000 -LEADER | |
|---|---|
| fixed length control field | 01651cam a22001934a 4500 |
| 005 - ΗΜΕΡΟΜΗΝΙΑ ΚΑΙ ΩΡΑ ΤΕΛΕΥΤΑΙΑΣ ΕΝΗΜΕΡΩΣΗΣ | |
| Πεδίο ελέγχου | 20250605164024.0 |
| 008 - FIXED-LENGTH DATA ELEMENTS--GENERAL INFORMATION | |
| Πεδίο ελέγχου σταθερού μήκους | 250528s ||||||||||||||||||||||||d |
| 035 ## - SYSTEM CONTROL NUMBER | |
| System control number | 16448 |
| 020 ## - ISBN | |
| ISBN | 9607344863 |
| 040 ## - ΠΗΓΗ ΚΑΤΑΛΟΓΟΓΡΑΦΗΣΗΣ | |
| Φορέας πρωτότυπης καταλογογράφησης | MC Athens Campus Library |
| Γλώσσα καταλογογράφησης | Ελληνικά, Μοντέρνα (1453-) |
| Modifying agency | MC Athens Campus Library |
| Κανόνες περιγραφικής καταλογογράφησης | AACR2 |
| 245 1# - ΤΙΤΛΟΣ ΚΑΙ ΔΗΛΩΣΗ ΥΠΕΥΘΥΝΟΤΗΤΑΣ | |
| Τίτλος | Η Σύγχρονη Επιχείρηση στο Ξεκίνημα του 21ου Αιώνα |
| 260 ## - PUBLICATION, DISTRIBUTION, ETC. | |
| Name of publisher, distributor, etc. | Σύγχρονη Εκδοτική, |
| Date of publication, distribution, etc. | 2000 |
| 300 ## - PHYSICAL DESCRIPTION | |
| Extent | 328 |
| 520 ## - SUMMARY, ETC. | |
| Summary, etc. | Ο επιχειρηματίας χρησιμοποιεί τη δύναμη του μυαλού του και όχι μεγάλες ποσότητες χρημάτων ή πόρων, για να δημιουργήσει μια νέα επιχείρηση ή να επεκτείνει μια υπάρχουσα. Δημιουργώντας μια Επιτυχημένη Επιχείορηση στη Νέα Χιλιετία, Διοικώντας προς το Μέλλον, Στρατηγική Καινοτομίας Προϊόντος, Η Κοινωνία των Πληροφοριών: Νέες Εργασιακές Σχέσεις - Είστε Έτοιμοι για τον 21ο Αιώνα;, Η Ανάλυση Οικονομικών Στοιχείων με τη Μέθοδο ABC και η Λήψη Διοικητικών Αποφάσεων με τη Μέθοδο ABM, Από την Οργάνωση στην Αναδιοργάνωση, ''Σερφάροντας'' σε μία Παγκοσμοιοποιημένη Οικονομία, Το Ηλεκτρονικό Εμπόριο, Βιβλιογραφία. |
| 700 1# - ΠΡΟΣΘΕΤΗ ΑΝΑΓΡΑΦΗ--ΦΥΣΙΚΟ ΠΡΟΣΩΠΟ | |
| Personal name | Κυριαζόπουλος Π. Γ |
| 9 (RLIN) | 2543 |
| 942 ## - ADDED ENTRY ELEMENTS (KOHA) | |
| Koha item type | Books |
| Τύπος τεκμηρίου | Βιβλιοθήκη | Τρέχουσα τοποθεσία | Barcode | Αριθμός εισαγωγής | Ημερομηνία απόκτησης | Ταξιθετικό σύμβολο | Αριθμός αντιτύπου | Κατάσταση απόσυρσης | Κατάσταση χαμένου | Κατάσταση κατεστραμμένου | Μη δανεισμός | Σύνολο δανεισμών | Ημερομηνία τελευταίας εμφάνισης | Η τιμή ισχύει από |
|---|---|---|---|---|---|---|---|---|---|---|---|---|---|---|
| Books | MC Athens Campus Library | MC Athens Campus Library | 9780000019479 | 4152 | 05/06/2025 | 658 KIR | 1 | 05/06/2025 | 05/06/2025 |